[Event "Joao Pessoa op 6th"]
[Site "Joao Pessoa"]
[Date "2015.10.10"]
[Round "1"]
[White "Souza, Marcos Valerio"]
[Black "Da Silva, Antonio Dutra"]
[Result "1-0"]
[WhiteElo "2073"]
[BlackElo "1788"]
[PlyCount "61"]
[EventDate "2015.10.10"]
[EventType "swiss"]
[EventRounds "5"]
[EventCountry "BRA"]
[SourceTitle "CBM 168 Extra"]
[Source "ChessBase"]
[SourceDate "2015.10.29"]
[SourceVersion "1"]
[SourceVersionDate "2015.10.29"]
[SourceQuality "1"]

1. d4 Nf6 2. c4 e6 3. g3 d5 4. Bg2 c6 5. Nf3 Bb4+ 6. Bd2 Qa5 7. Nc3 dxc4 8. 0-0 0-0 9. a3 Bxc3 10. Bxc3 Qh5 11. Qc2 Nbd7 12. Bb4 c5 13. dxc5 a5 14. Bd2 Qxc5 15. Rac1 b5 16. b4 Qe7 17. Nd4 Nd5 18. bxa5 Qxa3 19. Nxb5 Qb3 20. Qxb3 cxb3 21. e4 Ba6 22. exd5 Bxb5 23. Rfe1 exd5 24. Bxd5 b2 25. Rb1 Rac8 26. Rxb2 Rc5 27. Bg2 Rfc8 28. Be3 Re5 29. f4 Rxe3 30. Rxe3 Ba6 31. Bh3 1-0

[Event "Joao Pessoa AXCV op 5th"]
[Site "Joao Pessoa"]
[Date "2015.07.26"]
[Round "5"]
[White "Souza, Marcos Valerio"]
[Black "Rocha, Vitor Firmo de Souz"]
[Result "0-1"]
[WhiteElo "2110"]
[BlackElo "2100"]
[PlyCount "84"]
[EventDate "2015.07.24"]
[EventType "swiss"]
[EventRounds "5"]
[EventCountry "BRA"]
[SourceTitle "EXT 2016"]
[Source "ChessBase"]
[SourceDate "2015.10.08"]
[SourceVersion "1"]
[SourceVersionDate "2015.10.08"]
[SourceQuality "1"]

1. e4 e6 2. d4 d5 3. Nc3 Bb4 4. e5 Ne7 5. a3 Bxc3+ 6. bxc3 c5 7. Qg4 cxd4 8. Bd3 Qa5 9. Rb1 Nbc6 10. Qxg7 Rg8 11. Qf6 Ng6 12. Nf3 Qxc3+ 13. Bd2 Qxa3 14. Ng5 Qe7 15. Nxh7 Ngxe5 16. Bb5 Nd7 17. Qh6 f6 18. Rb3 Qg7 19. Rg3 Qxh6 20. Bxh6 Kf7 21. Be2 Rxg3 22. hxg3 a5 23. g4 a4 24. g5 fxg5 25. Bh5+ Ke7 26. Bxg5+ Kd6 27. Kd2 Nb6 28. Nf6 Nc4+ 29. Kd3 e5 30. g4 a3 31. Bd2 a2 32. Ra1 Nb2+ 33. Ke2 d3+ 34. cxd3 Nd4+ 35. Kf1 Nb3 36. Bb4+ Ke6 37. Rxa2 Rxa2 38. Ne8 Nxd3 39. Nc7+ Kd7 40. Nxd5 Nxb4 41. Nxb4 Rd2 42. g5 Ke7 0-1

[Event "Joao Pessoa AXCV op 5th"]
[Site "Joao Pessoa"]
[Date "2015.07.25"]
[Round "2"]
[White "Pinheiro, Davi Sales"]
[Black "Souza, Marcos Valerio"]
[Result "0-1"]
[WhiteElo "1999"]
[BlackElo "2110"]
[PlyCount "86"]
[EventDate "2015.07.24"]
[EventType "swiss"]
[EventRounds "5"]
[EventCountry "BRA"]
[SourceTitle "EXT 2016"]
[Source "ChessBase"]
[SourceDate "2015.10.08"]
[SourceVersion "1"]
[SourceVersionDate "2015.10.08"]
[SourceQuality "1"]

1. d4 Nf6 2. c4 g6 3. Nf3 Bg7 4. g3 0-0 5. Bg2 c6 6. 0-0 d5 7. Nbd2 Bf5 8. Qb3 Qc8 9. Ne5 Nbd7 10. cxd5 cxd5 11. Bxd5 Nxd5 12. Qxd5 Nxe5 13. dxe5 Rd8 14. Qa5 Qc6 15. f4 Bh3 16. Rf3 Qc2 17. Qb4 Qd1+ 18. Kf2 Bg4 19. Qxb7 Bxf3 20. Qxf3 f6 21. exf6 Bxf6 22. Qb3+ Qxb3 23. axb3 Rac8 24. Ke1 Bd4 25. Nc4 Rb8 26. e3 Bc5 27. Na5 Rd6 28. Bd2 Rbd8 29. Nc4 Rd3 30. Ra5 Rxd2 31. Rxc5 Rxh2 32. Rc7 Kf7 33. Rxa7 Rb8 34. Ne5+ Ke6 35. Nc6 Rc8 36. Nd4+ Kf6 37. Kd1 Rg2 38. Ra6+ Kf7 39. Ne2 Rd8+ 40. Ke1 Rh2 41. Ra3 Rh1+ 42. Kf2 Rd2 43. Kf3 Rf1+ 0-1

[Event "Natal Potiguar op 10th"]
[Site "Natal"]
[Date "2015.07.04"]
[Round "3"]
[White "Souza, Marcos Valerio"]
[Black "De Macedo, Luiz Soares"]
[Result "1-0"]
[WhiteElo "2110"]
[BlackElo "1605"]
[PlyCount "67"]
[EventDate "2015.07.03"]
[EventType "swiss"]
[EventRounds "6"]
[EventCountry "BRA"]
[SourceTitle "CBM 167 Extra"]
[Source "ChessBase"]
[SourceDate "2015.09.14"]
[SourceVersion "1"]
[SourceVersionDate "2015.09.14"]
[SourceQuality "1"]

1. e4 e5 2. Nf3 Nc6 3. Bb5 d6 4. c3 Bd7 5. 0-0 Nf6 6. d3 Be7 7. Nbd2 0-0 8. Re1 Re8 9. Nf1 Nb8 10. Bc4 a5 11. Bxf7+ Kxf7 12. Qb3+ Kf8 13. Ng5 d5 14. d4 b5 15. dxe5 a4 16. Qd1 Nxe4 17. Nxh7+ Kg8 18. Qxd5+ Kxh7 19. Qxe4+ Kg8 20. Qd5+ Kf8 21. e6 c6 22. Qh5 Bxe6 23. Rxe6 Nd7 24. Bf4 Nf6 25. Qg6 Kg8 26. Ne3 Bf8 27. Rxc6 Ra7 28. Rxf6 Qxf6 29. Qxe8 Rf7 30. g3 Kh7 31. Rd1 Bc5 32. Rd5 Bxe3 33. Bxe3 Re7 34. Rh5+ 1-0

[Event "Natal Potiguar op 10th"]
[Site "Natal"]
[Date "2015.07.04"]
[Round "4"]
[White "Souza, Marcos Valerio"]
[Black "Queiroz, Matheus Erick Silva"]
[Result "0-1"]
[WhiteElo "2110"]
[BlackElo "1874"]
[PlyCount "80"]
[EventDate "2015.07.03"]
[EventType "swiss"]
[EventRounds "6"]
[EventCountry "BRA"]
[SourceTitle "CBM 167 Extra"]
[Source "ChessBase"]
[SourceDate "2015.09.14"]
[SourceVersion "1"]
[SourceVersionDate "2015.09.14"]
[SourceQuality "1"]

1. d4 d5 2. c4 e6 3. g3 Nf6 4. Bg2 c6 5. Nf3 Bd6 6. b3 0-0 7. 0-0 h6 8. Bb2 Re8 9. Nbd2 Nbd7 10. Ne5 Bc7 11. Qc2 Nxe5 12. dxe5 Nd7 13. f4 b5 14. Nf3 Bb6+ 15. Kh1 Ba6 16. cxb5 cxb5 17. b4 Bb7 18. Qd3 a6 19. Rad1 Ba7 20. Nh4 Nb6 21. f5 Nc4 22. Bd4 Bxd4 23. Qxd4 exf5 24. Nxf5 Rxe5 25. e4 Qb6 26. Qxb6 Nxb6 27. Nd6 Re7 28. Nxb7 Rxb7 29. exd5 Rd7 30. Rd4 Rad8 31. Rfd1 Nc4 32. R1d3 Rd6 33. Kg1 Ne5 34. Re3 Nc4 35. Re7 R8d7 36. Rxd7 Rxd7 37. Kf2 Kf8 38. Ke2 Ke7 39. Kd3 Kd6 40. Rg4 Ne5+ 0-1

[Event "Natal Potiguar op 10th"]
[Site "Natal"]
[Date "2015.07.03"]
[Round "2"]
[White "De Lima, Alan Silva"]
[Black "Souza, Marcos Valerio"]
[Result "1-0"]
[WhiteElo "1939"]
[BlackElo "2110"]
[PlyCount "83"]
[EventDate "2015.07.03"]
[EventType "swiss"]
[EventRounds "6"]
[EventCountry "BRA"]
[SourceTitle "CBM 167 Extra"]
[Source "ChessBase"]
[SourceDate "2015.09.14"]
[SourceVersion "1"]
[SourceVersionDate "2015.09.14"]
[SourceQuality "1"]

1. c4 Nf6 2. g3 g6 3. Bg2 Bg7 4. Nc3 0-0 5. d4 d6 6. e4 e5 7. d5 Nbd7 8. Nge2 a5 9. 0-0 Nc5 10. Be3 Nfd7 11. Qd2 f5 12. f4 fxe4 13. Nxe4 Nxe4 14. Bxe4 Nf6 15. Bf3 Ng4 16. fxe5 Nxe5 17. Bg2 Nxc4 18. Qd3 Nxe3 19. Qxe3 Bg4 20. Nf4 Qd7 21. h3 Rfe8 22. Qd2 Bf5 23. Ne6 Bxe6 24. dxe6 Qb5 25. Rf2 c6 26. Re1 Be5 27. a4 Qb4 28. Qxb4 axb4 29. Rf7 Rxe6 30. Ref1 d5 31. Rxb7 Rxa4 32. Rd7 Bxb2 33. Rd8+ Kg7 34. Rd7+ Kh6 35. Rff7 Bd4+ 36. Kh2 Ra2 37. h4 g5 38. Rxh7+ Kg6 39. h5+ Kf5 40. Rhe7 b3 41. g4+ Kf6 42. Rf7+ 1-0

[Event "Paraiban-ch op"]
[Site "Cabo Branco"]
[Date "2015.06.07"]
[Round "5"]
[White "Souza, Marcos Valerio"]
[Black "Torres, Douglas da Silva"]
[Result "0-1"]
[WhiteElo "2127"]
[BlackElo "2133"]
[PlyCount "72"]
[EventDate "2015.06.04"]
[EventType "swiss"]
[EventRounds "5"]
[EventCountry "BRA"]
[SourceTitle "CBM 167 Extra"]
[Source "ChessBase"]
[SourceDate "2015.09.14"]
[SourceVersion "1"]
[SourceVersionDate "2015.09.14"]
[SourceQuality "1"]

1. d4 g6 2. c4 Bg7 3. Nc3 d6 4. e4 Nc6 5. Be3 e5 6. Nge2 f5 7. exf5 gxf5 8. dxe5 Nxe5 9. Nf4 Nf6 10. Nh5 Nxh5 11. Qxh5+ Nf7 12. Bd3 Be6 13. Bxf5 Bxc4 14. Qg4 Qf6 15. Bd7+ Kd8 16. Qxc4 Kxd7 17. Nd5 Qxb2 18. Qxc7+ Ke6 19. Qe7+ Kxd5 20. Qxf7+ Kc6 21. Rc1+ Bc3+ 22. Kd1 b5 23. Qb3 Qxb3+ 24. axb3 b4 25. Bd4 Rhc8 26. Bxc3 bxc3 27. Rxc3+ Kb5 28. Kd2 Rxc3 29. Kxc3 Rc8+ 30. Kb2 Re8 31. Rc1 d5 32. f4 d4 33. Rc2 d3 34. Rd2 Kb4 35. f5 Re2 36. Kc1 Kc3 0-1

[Event "Paraiban-ch op"]
[Site "Cabo Branco"]
[Date "2015.06.06"]
[Round "3"]
[White "Souza, Marcos Valerio"]
[Black "Oliveira, Renato de Araujo"]
[Result "0-1"]
[WhiteElo "2127"]
[BlackElo "2076"]
[PlyCount "132"]
[EventDate "2015.06.04"]
[EventType "swiss"]
[EventRounds "5"]
[EventCountry "BRA"]
[SourceTitle "CBM 167 Extra"]
[Source "ChessBase"]
[SourceDate "2015.09.14"]
[SourceVersion "1"]
[SourceVersionDate "2015.09.14"]
[SourceQuality "1"]

1. d4 Nf6 2. c4 g6 3. Nc3 d5 4. Bf4 Bg7 5. Qa4+ Bd7 6. Qb3 Nc6 7. e3 Na5 8. Qb4 Nxc4 9. Bxc4 dxc4 10. Qxc4 c6 11. Nf3 Be6 12. Qb4 Qb6 13. Qxb6 axb6 14. e4 b5 15. b4 Ra3 16. Bd2 0-0 17. e5 Nd7 18. 0-0 Rfa8 19. Rfe1 Nb6 20. Ne4 Rxa2 21. Rxa2 Rxa2 22. Nc5 Bd5 23. Bg5 f6 24. Bh4 g5 25. Bg3 g4 26. Nh4 fxe5 27. Nf5 Bf8 28. Bxe5 Nc4 29. Bf4 e6 30. Nh6+ Kg7 31. Nxg4 b6 32. Bh6+ Kf7 33. Bxf8 Kxf8 34. Nd7+ Ke7 35. Ndf6 Rd2 36. Nxh7 Rxd4 37. f3 Nd2 38. Ra1 Rxb4 39. Ra7+ Kd6 40. h4 Ra4 41. Rb7 Nc4 42. Nhf6 b4 43. h5 b3 44. Ne3 b2 45. Nxc4+ Bxc4 46. Ne4+ Ke5 47. Rxb6 Ra1+ 48. Kh2 b1Q 49. Rxb1 Rxb1 50. h6 Rb7 51. g4 Bd3 52. Nc5 Rb2+ 53. Kg3 Bh7 54. Nd7+ Kd6 55. Nf8 Rb7 56. g5 Rf7 57. Nxh7 Rxh7 58. Kg4 Ke7 59. Kh5 Kf8 60. g6 Ra7 61. Kg5 Kg8 62. Kf6 c5 63. Kxe6 c4 64. f4 Ra6+ 65. Kf5 c3 66. Kg5 c2 0-1

[Event "Paraiban-ch op"]
[Site "Cabo Branco"]
[Date "2015.06.04"]
[Round "1"]
[White "Souza, Marcos Valerio"]
[Black "Paiva, Luis Flavio Medeiro"]
[Result "1-0"]
[WhiteElo "2127"]
[BlackElo "1666"]
[PlyCount "39"]
[EventDate "2015.06.04"]
[EventType "swiss"]
[EventRounds "5"]
[EventCountry "BRA"]
[SourceTitle "CBM 167 Extra"]
[Source "ChessBase"]
[SourceDate "2015.09.14"]
[SourceVersion "1"]
[SourceVersionDate "2015.09.14"]
[SourceQuality "1"]

1. d4 Nf6 2. c4 e6 3. g3 d5 4. Bg2 Be7 5. Nf3 0-0 6. 0-0 Nbd7 7. c5 c6 8. b4 b6 9. Bb2 bxc5 10. dxc5 a5 11. a3 Bb7 12. Nbd2 axb4 13. axb4 Rxa1 14. Qxa1 Qc7 15. Qb1 Ra8 16. Qc2 Qb8 17. Nd4 Ra6 18. b5 Ra2 19. Qb3 Rxb2 20. Qxb2 1-0

[Event "Recife Arraes Memorial 8th"]
[Site "Recife"]
[Date "2015.05.02"]
[Round "3"]
[White "Souza, Marcos Valerio"]
[Black "Camara, Jose Arruda"]
[Result "1-0"]
[WhiteElo "2121"]
[BlackElo "1865"]
[PlyCount "83"]
[EventDate "2015.05.01"]
[EventType "swiss"]
[EventRounds "6"]
[EventCountry "BRA"]
[SourceTitle "EXT 2018"]
[Source "ChessBase"]
[SourceDate "2017.10.13"]
[SourceVersion "1"]
[SourceVersionDate "2017.10.13"]
[SourceQuality "1"]

1. d4 e6 2. c4 d5 3. g3 Nf6 4. Bg2 Be7 5. Nf3 0-0 6. 0-0 Nc6 7. Nc3 a6 8. Ne5 Na5 9. c5 Nc6 10. Nxc6 bxc6 11. Qa4 Bb7 12. Bf4 Nh5 13. Be3 Nf6 14. Rac1 Qd7 15. h3 Rfb8 16. g4 a5 17. Rfd1 Ba6 18. Rd2 Bb5 19. Qd1 Qd8 20. Bf4 Rb7 21. e3 Rab8 22. g5 Ne4 23. Nxe4 dxe4 24. Bxe4 Bxg5 25. Qh5 h6 26. Be5 Bf6 27. f4 a4 28. Rcc2 Qe7 29. Rg2 Kf8 30. Qf3 Qe8 31. Bxf6 gxf6 32. Qh5 Ke7 33. f5 Qh8 34. fxe6 fxe6 35. Rg6 Rg8 36. Rcg2 Rxg6 37. Rxg6 f5 38. Rxh6 Qg8+ 39. Bg2 Bd3 40. Rh7+ Qxh7 41. Qxh7+ Kf6 42. Bxc6 1-0

[Event "Rio Grande do Norte zt CBX"]
[Site "Natal"]
[Date "2015.03.29"]
[Round "5.4"]
[White "Souza, Marcos Valerio"]
[Black "Andrade, Roberto Luiz Costa"]
[Result "1-0"]
[WhiteElo "2101"]
[BlackElo "2206"]
[PlyCount "81"]
[EventDate "2015.03.27"]
[EventType "swiss"]
[EventRounds "5"]
[EventCountry "BRA"]
[SourceTitle "EXT 2022"]
[Source "ChessBase"]
[SourceDate "2021.10.06"]
[SourceVersion "1"]
[SourceVersionDate "2021.10.06"]
[SourceQuality "1"]

1. d4 d5 2. c4 c6 3. Nf3 Nf6 4. g3 g6 5. Bg2 Bg7 6. 0-0 0-0 7. Nc3 Ne4 8. cxd5 Nxc3 9. bxc3 cxd5 10. Bf4 Nc6 11. Rb1 Na5 12. Ne5 f6 13. Nd3 g5 14. Bc1 Bf5 15. Rb5 e6 16. Nc5 b6 17. e4 dxe4 18. Nxe4 a6 19. Rxa5 bxa5 20. Ba3 Bxe4 21. Bxe4 Rb8 22. Bxf8 Bxf8 23. Qe2 f5 24. Bd3 Kf7 25. Re1 Rb6 26. Bc4 Qc8 27. d5 e5 28. Qh5+ Kf6 29. Qe2 Bd6 30. g4 Rb2 31. Qxb2 Qxc4 32. Qe2 Qf4 33. gxf5 e4 34. Qxe4 Qxh2+ 35. Kf1 Be5 36. Re3 Qf4 37. Qxf4 gxf4 38. Rxe5 Kxe5 39. c4 f3 40. Kg1 Kxf5 41. Kh2 1-0

[Event "Rio Grande do Norte zt CBX"]
[Site "Natal"]
[Date "2015.03.28"]
[Round "2.7"]
[White "Souza, Marcos Valerio"]
[Black "Do Nascimento, Denner Leonardo O"]
[Result "1-0"]
[WhiteElo "2101"]
[BlackElo "1465"]
[PlyCount "57"]
[EventDate "2015.03.27"]
[EventType "swiss"]
[EventRounds "5"]
[EventCountry "BRA"]
[SourceTitle "EXT 2022"]
[Source "ChessBase"]
[SourceDate "2021.10.06"]
[SourceVersion "1"]
[SourceVersionDate "2021.10.06"]
[SourceQuality "1"]

1. d4 Nf6 2. c4 g6 3. Nc3 Bg7 4. e4 d6 5. f3 0-0 6. Bg5 Nbd7 7. Nge2 c5 8. d5 Ne8 9. g4 Ne5 10. Ng3 f6 11. Be3 Nc7 12. Be2 e6 13. f4 Nf7 14. Qd2 e5 15. f5 Re8 16. h4 Kf8 17. 0-0-0 Ke7 18. Rdf1 gxf5 19. exf5 h6 20. Nce4 Bd7 21. g5 Rg8 22. Nh5 Ne8 23. Rhg1 hxg5 24. hxg5 Bh8 25. g6 Ng5 26. Nxg5 Ng7 27. Nxf6 Kxf6 28. Ne6 Qb8 29. Bg5# 1-0

[Event "Joao Pessoa op 6th"]
[Site "Joao Pessoa"]
[Date "2015.03.15"]
[Round "6"]
[White "Souza, Marcos Valerio"]
[Black "Soares, Alberto M Colares"]
[Result "0-1"]
[WhiteElo "2101"]
[BlackElo "2158"]
[PlyCount "129"]
[EventDate "2015.03.13"]
[EventType "swiss"]
[EventRounds "6"]
[EventCountry "BRA"]
[SourceTitle "CBM 165 Extra"]
[Source "ChessBase"]
[SourceDate "2015.04.21"]
[SourceVersion "1"]
[SourceVersionDate "2015.04.21"]
[SourceQuality "1"]

1. d4 d6 2. c4 Nf6 3. Nc3 Nbd7 4. e4 e5 5. Nf3 c6 6. Be2 Be7 7. 0-0 0-0 8. h3 Qc7 9. Be3 a5 10. Qc2 Re8 11. d5 Nf8 12. Rac1 N6d7 13. Rfd1 Ng6 14. Bf1 Nc5 15. g3 Rd8 16. Bg2 Bd7 17. Rd2 Na6 18. Qd1 c5 19. Ne1 Rab8 20. a4 f5 21. exf5 Bxf5 22. Qh5 Rf8 23. g4 Bd7 24. Be4 Be8 25. Ng2 Rf6 26. g5 Nf8 27. Qg4 Rf7 28. f4 exf4 29. Nxf4 Bd7 30. Ne6 Qc8 31. g6 hxg6 32. Bxg6 Nxg6 33. Qxg6 Bxe6 34. Qxe6 Nc7 35. Qxc8+ Rxc8 36. Rf1 Rcf8 37. Rxf7 Rxf7 38. Kg2 Bf6 39. Bf2 Be5 40. Bg3 Bxg3 41. Kxg3 Ne8 42. Ne4 Nf6 43. Ng5 Re7 44. Kf3 Nd7 45. b3 Ne5+ 46. Kf2 Re8 47. Kg2 Rf8 48. Ne4 Nf7 49. Rf2 Re8 50. Rf4 Re5 51. h4 Re7 52. Kg3 Rd7 53. h5 Kh7 54. Kg4 Kh6 55. Ng3 Ne5+ 56. Kh4 g5+ 57. hxg6 Nxg6+ 58. Kg4 Nxf4 59. Kxf4 Kg6 60. Ne4 Rd8 61. Nxd6 Rxd6 62. Ke5 Rb6 63. d6 Kf7 64. Kd5 Ke8 65. Kxc5 0-1

[Event "Joao Pessoa op 6th"]
[Site "Joao Pessoa"]
[Date "2015.03.14"]
[Round "4"]
[White "Souza, Marcos Valerio"]
[Black "Rocha, Vitor Firmo de Souz"]
[Result "0-1"]
[WhiteElo "2101"]
[BlackElo "2035"]
[PlyCount "96"]
[EventDate "2015.03.13"]
[EventType "swiss"]
[EventRounds "6"]
[EventCountry "BRA"]
[SourceTitle "CBM 165 Extra"]
[Source "ChessBase"]
[SourceDate "2015.04.21"]
[SourceVersion "1"]
[SourceVersionDate "2015.04.21"]
[SourceQuality "1"]

1. e4 e6 2. d4 d5 3. Nc3 Bb4 4. e5 Ne7 5. a3 Bxc3+ 6. bxc3 c5 7. Qg4 cxd4 8. Bd3 Qa5 9. Rb1 Nbc6 10. Nf3 Ng6 11. h4 h5 12. Qg3 Nce7 13. Bxg6 Nxg6 14. Nxd4 a6 15. 0-0 Qc7 16. Re1 Bd7 17. Bg5 Rc8 18. Bd2 Kf8 19. f4 Kg8 20. Qg5 Nf8 21. Rb2 b5 22. Kh2 Rh6 23. Qg3 Rg6 24. Qf3 Rg4 25. g3 Ng6 26. Qf2 Ne7 27. Qe2 Nf5 28. Nxf5 exf5 29. Qe3 a5 30. Qd4 Qd8 31. Qf2 Rc4 32. Rd1 Bc6 33. Be1 Re4 34. Rd4 Qe7 35. Rb3 f6 36. Rxe4 dxe4 37. exf6 Qxf6 38. Qd4 Qg6 39. c4 e3 40. Qd8+ Kh7 41. cxb5 Be4 42. b6 Rxf4 43. Rxe3 Rf1 44. Rxe4 fxe4 45. b7 Qa6 46. Qd2 Qxb7 47. Qg5 Qf7 48. Qd2 Qf3 0-1